Structure of Materials : An Introduction to Crystallography, Diffraction, and Symmetry

Uložené v:
Podrobná bibliografia
Hlavní autori: Graef, Marc De (Autor), McHenry, Michael E. (Autor)
Médium: Kniha
Jazyk:English
Vydavateľské údaje: Cambridge : Cambridge University Press, 2012
Vydanie:2nd Ed.
Predmet:
Tagy: Pridať tag
Žiadne tagy, Buďte prvý, kto otaguje tento záznam!

MARC

LEADER 00000nam a22000003a 4500
001 stu261728
005 20150617230215.1
008 130128s2012----uk------------------eng-d
020 |a 978-1-107-00587-7 
040 |a STU  |b slo 
041 0 |a eng 
044 |a uk 
080 |a 620 
100 1 |a Graef, Marc De  |4 aut 
245 1 |a Structure of Materials :  |b An Introduction to Crystallography, Diffraction, and Symmetry 
250 |a 2nd Ed. 
260 |a Cambridge :  |b Cambridge University Press,  |c 2012 
300 |a 844 s 
650 7 |a štruktúra materiálov  |2 stusub 
650 7 |a kryštalografia  |2 stusub 
700 1 |a McHenry, Michael E.  |4 aut 
996 |b 284M084682  |c M*13402-1  |l MMST  |s A  |a 24  |w stu261728_0001